000 00709nam a2200217Ii 4500
003 JO-AjNU
008 230605s9999||||xx |||||||||||||| ||und||
017 _a79/4183
040 _aJO-AjNU
_bara
_erda
_cJO-AjNU
041 _aara
050 1 4 _aBP173.25.M83 1979
100 3 _aنور، محمد عبد المنعم,
_eauthor
_939006
245 0 0 _aالنظم الإجتماعية في الإسلام
250 _aط1
264 3 1 _aالقاهرة: دار المعرفة، 1979
300 _a158ص
336 _atext
_btxt
_2rdacontent
337 _aunmediated
_bn
_2rdamedia
338 _avolume
_bnc
_2rdacarrier
650 4 _aالمجتمعات الاسلامية- الاسلام والمجتمع
_939007
999 _aA16437
_c20005
_d20005